|
|
|
|
| LEADER |
01444nam a2200385Ia 4500 |
| 001 |
EBC496609 |
| 003 |
MiAaPQ |
| 005 |
20200520144314.0 |
| 006 |
m o d | |
| 007 |
cr cn||||||||| |
| 008 |
010615s2002 iluak sb 001 0 eng d |
| 010 |
|
|
|z 2001042733
|
| 020 |
|
|
|z 9780226035192
|
| 020 |
|
|
|z 0226035182 (cloth : alk. paper)
|
| 020 |
|
|
|z 0226035190 (paper : alk. paper)
|
| 035 |
|
|
|a (MiAaPQ)EBC496609
|
| 035 |
|
|
|a (Au-PeEL)EBL496609
|
| 035 |
|
|
|a (CaPaEBR)ebr10372056
|
| 035 |
|
|
|a (CaONFJC)MIL253738
|
| 035 |
|
|
|a (OCoLC)593295911
|
| 040 |
|
|
|a MiAaPQ
|c MiAaPQ
|d MiAaPQ
|
| 050 |
|
4 |
|a HM1101
|b .E43 2002
|
| 245 |
0 |
0 |
|a Embracing risk
|h [electronic resource] :
|b the changing culture of insurance and responsibility /
|c edited by Tom Baker & Jonathan Simon.
|
| 260 |
|
|
|a Chicago :
|b University of Chicago Press,
|c 2002.
|
| 300 |
|
|
|a ix, 318 p. :
|b ill., forms.
|
| 504 |
|
|
|a Includes bibliographical references and index.
|
| 533 |
|
|
|a Electronic reproduction. Ann Arbor, MI : ProQuest, 2015. Available via World Wide Web. Access may be limited to ProQuest affiliated libraries.
|
| 650 |
|
0 |
|a Risk
|x Sociological aspects.
|
| 650 |
|
0 |
|a Risk (Insurance)
|
| 650 |
|
0 |
|a Responsibility.
|
| 655 |
|
4 |
|a Electronic books.
|
| 700 |
1 |
|
|a Baker, Tom,
|d 1959-
|
| 700 |
1 |
|
|a Simon, Jonathan,
|d 1959-
|
| 710 |
2 |
|
|a ProQuest (Firm)
|
| 856 |
4 |
0 |
|u https://ebookcentral.proquest.com/lib/matrademy/detail.action?docID=496609
|z Click to View
|